Quiz o Polsce - Statystyki

Ogólne statystyki
  • Ten quiz został rozwiązany 285 razy
  • Średni wynik to 20 z 29
Statystyki odpowiedzi
Hint Odpowiedź % Poprawnych
Stolicą Polski jest... Warszawa
99%
Obecnym prezydentem Polski jest .... Andrzej Duda
98%
Regionów tych jest w Polsce .... 16
96%
Polska jest podzielona na regiony zwane ..... województwami
96%
Godłem Polski jest .... biały orzeł na czerwonym tle
95%
Pierwszą stolicą Polski był gród o nazwie ... Gniezno
92%
Największym spośród regionów jest .... województwo mazowieckie
92%
Polska zamieszkiwana jest przez .... milionów ludzi ok. 38
91%
Polski hymn narodowy to... "Mazurek Dąbrowskiego"
90%
Polska flaga zawiera barwy ... biało-czerwone
89%
Polski uczony, o którym mówi się, że "wstrzymał Słońce, ruszył Ziemię" Mikołaj Kopernik
86%
Polska graniczy dziś z ...... ( iloma?) państwami 7
81%
Pierwszym królem Polski był .... Bolesław Chrobry
81%
W 1939 roku Polskę zaatakowały ....... i Związek Radziecki. Nazistowskie Niemcy
77%
Polska fizyk i chemik, odkryła dwa nowe pierwiastki i zjawisko radioaktywności. Maria Skłodowska- Curie
75%
W 2004 roku Polska wstąpiła do ...... Unii Europejskiej
73%
"Zastał Polskę drewnianą, zostawił murowaną" Kazimierz Wielki
72%
Polska odzyskała niepodległość po 123 latach zaborów w ..... roku 1918
70%
Polska epopeja narodowa, dzieło Adama Mickiewicza, to .... "Pan Tadeusz"
66%
Ostatni król Polski to ..... Stanisław August Poniatowski
55%
Jedyny przyrodniczy obiekt na liście UNESCO to znajdująca się w Polsce i na Białorusi .... Puszcza Białowieska
51%
Ruch, który obalił rządy komunistyczne w Polsce, zwany jest ...... "Solidarnością"
49%
Polska formacja wojenna, sławna m.in. dzięki bitwie pod Wiedniem. Husaria
40%
Stulecie, które nazywane jest złotym wiekiem Rzeczpospolitej, to .... XVI wiek
40%
Władcą Polski, który w swym testamencie podzielił państwo, rozpoczynając okres rozbicia dzielnicowego, był .... Bolesław Krzywousty
37%
Polską dynastią, która rządziła także w Czechach, na Litwie i Węgrzech, byli ..... Jagiellonowie
37%
Sposób wybierania polskich władców po śmierci Zygmunta Augusta to.... wolna elekcja
33%
Przeniósł stolicę Polski do Warszawy. Zygmunt III Waza
29%
W 1945 roku powojenne granice Polski zmieniły konferencje w Jałcie i w ...... Poczdamie
21%
Nie znaleziono quizów pasujących do podanych kryteriów
Rozkład punktacji
Procent ludzi z każdym wynikiem
Percentyl według liczby udzielonych odpowiedzi
Twoja historia wyników
Nie rozwiązałeś tego quizu